| 000 | 00965nas a2200253Ia 4500 | ||
|---|---|---|---|
| 001 | R142/77665 | ||
| 003 | IT-RoPAU | ||
| 008 | 151124c99999999xx |||||||||||| ||und|| | ||
| 040 | _aIT-RoPAU | ||
| 040 | _cIT-RoPAU | ||
| 041 | _aFRANCESE | ||
| 100 |
_aSouchon Michel _gCodice Aut. SPICS: 1108 |
||
| 210 | _aRESEAUX | ||
| 222 | _aReseaux | ||
| 245 |
_aRESEAUX, N.039 (GENNAIO 1990) _bProgrammateurs Et Leurs Representations Du Public |
||
| 250 | _a1a ed. | ||
| 260 |
_aPARIS _bCNET _c1990 |
||
| 501 |
_bPaulus - SPICS - Società San Paolo EM (non-commercial uses only) _cCopyright2015 |
||
| 300 | _a16 p. [93-108] | ||
| 362 | _aN.039 (GENNAIO 1990) | ||
| 500 | _aProgrammatori e Loro Rappresentazioni del Pubblico. Arte dell'Incontro. Principali Indicatori di Ascolto. Nomenclature. Alcune Regole della Programmazione. Menu Televisivi dei Francesi. Tecniche di Programmazione in Usa. | ||
| 650 |
_aCOMUNICAZIONE _vPUBBLICAZIONE PERIODICA |
||
| 942 | _cCR | ||
| 999 |
_c190366 _d190366 |
||